书目信息 |
| 题名: |
蒙古族通史
|
|
| 作者: | ;《蒙古族通史》编写组 编 | |
| 分册: | 中卷 | |
| 出版信息: | 北京 民族出版社 2000.12 |
|
| 页数: | 395页 | |
| 开本: | 32开 | |
| 丛书名: | ||
| 单 册: | ||
| 中图分类: | K311 | |
| 科图分类: | ||
| 主题词: | 蒙古--历史 | |
| 电子资源: | ||
| ISBN: | 7-105-04274-5 | |
| 000 | 00603nam0 2200205 45 | |
| 001 | 0210140933 | |
| 005 | 20031219104058.3 | |
| 010 | @a7-105-04274-5@dCNY24.00 | |
| 100 | @a20021014d2000 km y0chiy0120 ea | |
| 101 | 0 | @achi |
| 105 | @af z 000yy | |
| 200 | 1 | @a蒙古族通史@h中卷@AMeng Gu Zu Tong Shi@f《蒙古族通史》编写组编@F《Meng Gu Zu Tong Shi》Bian Xie Zu Bian |
| 205 | @a修订版 | |
| 210 | @a北京@c民族出版社@d2000.12 | |
| 215 | @a395页@d32开 | |
| 606 | 0 | @a蒙古@x历史 |
| 690 | @aK311@v4 | |
| 711 | 02 | @a《蒙古族通史》编写组@4编 |
| 801 | @aCN@bTSTC@c20021014 | |
| 905 | @b315595-597@dK311@e3:2=2@f3 | |
| 蒙古族通史.中卷/《蒙古族通史》编写组编.-修订版.-北京:民族出版社,2000.12 |
| 395页;32开 |
| ISBN 7-105-04274-5:CNY24.00 |
| ● |
| 相关链接 |
|
|
|
|
正题名:蒙古族通史
索取号:K311/3:2=2
 
预约/预借
| 序号 | 登录号 | 条形码 | 馆藏地/架位号 | 状态 | 备注 |
| 1 | 0315595 | 203155959 | 第二借阅区/ [索取号:K311/3:2=2] | 在馆 | |
| 2 | 0315596 | 203155968 | 第二借阅区/ [索取号:K311/3:2=2] | 在馆 | |
| 3 | 0315597 | 203155977 | 第二借阅区/ [索取号:K311/3:2=2] | 在馆 |